Carregant...

Lloyd George : A diary ed by A J P Taylor /

Dades bibliogràfiques
Autor principal: Stevenson, Frances
Idioma:Undetermined
Publicat: 1971.
LEADER 00395nam a2200121Ia 4500
001 94761
008 170722s9999 xx 000 0 und d
100 |a Stevenson, Frances 
245 |a Lloyd George :  |b  A diary ed by A J P Taylor / 
260 |c 1971. 
942 |c GEN 
999 |c 83736  |d 83736 
952 |0 0  |1 0  |4 0  |6 V_321WM63_L1_GB  |7 0  |9 117276  |a LIB  |b LIB  |d 2017-08-12  |o V3,21wM63 L1 (GB)  |p 143668  |r 2017-08-12  |w 2017-08-12  |y GEN